El esplendor de la elocuencia en México (Record no. 3522)

MARC details
000 -LEADER
fixed length control field 00432nam a22001457a 4500
005 - DATE AND TIME OF LATEST TRANSACTION
control field 20190927121029.0
008 - FIXED-LENGTH DATA ELEMENTS--GENERAL INFORMATION
fixed length control field 101028t mx ||||| |||| 00| 0 sp d
020 ## - INTERNATIONAL STANDARD BOOK NUMBER
International Standard Book Number 9709056107
050 04 - LIBRARY OF CONGRESS CALL NUMBER
Classification number PN4001
Item number E88 1999
050 04 - LIBRARY OF CONGRESS CALL NUMBER
Classification number PN4055.M6
Item number E88 1999
100 1# - MAIN ENTRY--PERSONAL NAME
Personal name Estrada Granados, Eleazar
245 13 - TITLE STATEMENT
Title El esplendor de la elocuencia en México
Remainder of title : antología
Statement of responsibility, etc / Eleazar Estrada Granados.
250 ## - EDITION STATEMENT
Edition statement 1a ed.
260 ## - PUBLICATION, DISTRIBUTION, ETC. (IMPRINT)
Place of publication, distribution, etc Morelia, México :
Name of publisher, distributor, etc Universidad Michoacana de San Nicolás de Hidalgo,
Date of publication, distribution, etc 1999
300 ## - PHYSICAL DESCRIPTION
Extent 322 p. ;
Dimensions 21 cm.
490 0# - SERIES STATEMENT
Series statement Quehacer Nicolaíta
504 ## - BIBLIOGRAPHY, ETC. NOTE
Bibliography, etc Incluye bibliografía
650 #7 - SUBJECT ADDED ENTRY--TOPICAL TERM
Source of heading or term lemb
Topical term or geographic name as entry element Oratoria
Geographic subdivision México
650 #7 - SUBJECT ADDED ENTRY--TOPICAL TERM
Source of heading or term lemb
Topical term or geographic name as entry element Oradores mexicanos
650 #7 - SUBJECT ADDED ENTRY--TOPICAL TERM
Source of heading or term lemb
Topical term or geographic name as entry element Oratoria política
Geographic subdivision México
942 ## - ADDED ENTRY ELEMENTS (KOHA)
Source of classification or shelving scheme Biblioteca del Cogreso de los Estados Unidos
Koha item type Libro
Holdings
Estado de pérdida Fuente de clasificación Estado del daño No para préstamo Ubicación permanente Ubicación actual Apartado o colección Fecha de adquisición Clasificación Código de Barras Date last seen Número de copia Tipo de recurso Enumeración de Serie / Cronológica Dependencia de educación superior (DES) Área del conocimiento Nota pública Fuente de adquisición Edición Costo por reposición
  Biblioteca del Cogreso de los Estados Unidos     Biblioteca de la Facultad de Psicología Biblioteca de la Facultad de Psicología General 28/10/2013 PN4001 E88 1999 BFP000010227 28/10/2013 1 Libro BFP000010227     COLECCION LITERATURA      
  Biblioteca del Cogreso de los Estados Unidos     Biblioteca de la Facultad de Psicología Biblioteca de la Facultad de Psicología General 28/10/2013 PN4001 E88 1999 BFP000008442 28/10/2013 2 Libro BFP000008442     COLECCION LITERATURA      
  Biblioteca del Cogreso de los Estados Unidos     Biblioteca de la Preparatoria Ing. Pascual Ortiz Rubio Biblioteca de la Preparatoria Ing. Pascual Ortiz Rubio General 14/02/2019 PN4055.M6 E88 1999 PPO000007074 14/02/2019 1 Libro     Educación y Humanidades        
  Biblioteca del Cogreso de los Estados Unidos     Biblioteca del Colegio de San Nicolás Biblioteca del Colegio de San Nicolás General 07/03/2019 PN4055.M6 E88 1999 BPCS000001355 07/03/2019 1 Libro     Educación y Humanidades   Donación 1a ed.  
  Biblioteca del Cogreso de los Estados Unidos     Biblioteca del Instituto de Investigaciones Históricas Biblioteca del Instituto de Investigaciones Históricas General 27/09/2019 PN4055.M6 E88 1999 IIH000029394 27/09/2019 C:1 Libro     Educación y Humanidades       1.00
  Biblioteca del Cogreso de los Estados Unidos     Biblioteca del Sindicato Unico de Empleados de la Universidad Michoacana Biblioteca del Sindicato Unico de Empleados de la Universidad Michoacana General 28/10/2010 PN4001 E88 1999 BSUE00001697 16/01/2015 C:1 Libro